000 00921nam a2200265 a 4500
001 000002592
005 20260120073949.0
008 831201s1986 xxu 001 0 spa
040 _aDO-SdBNP
_bspa
_cBNPHU
041 1 7 _aspa
_heng
_2Código de idioma MARC
082 _a242.2
_bM266d, 1986
240 0 0 _aStreams in the desert.
_lEspañol
245 0 0 _aManantiales en el desierto /
_ccompilador, Charles E. Cowman; traducción, Antonio Serrano.
250 _a12a ed.
260 _aEstados Unidos :
_bMundo Hispano,
_c1986.
300 _a2 t. ;
_c17 cm.
500 _aLa biblioteca posee el tomo II.
534 _aTítulo original:
_tStreams in the desert.
650 4 _aEjercicios espirituales
_98168
650 4 _aCalendario religioso
_98169
650 0 _aVida espiritual
_9268
700 1 _aCharles E. Cowman
_ecomp.
_98170
700 1 _aSerrano, Antonio,
_d1899-
_etr.
_98171
910 _aCatalogación original noche
999 _c2428
_d2428